00664nam a2200217 a 450000100060000000300080000600500170001400800410003102000160007203500190008804000230010704100080013008200260013810000230016424500950018726000420028230000260032450400380035065000270038870000310041551761BD-RjUL20211209075717.0160903s1984 nyu b 001 0 eng  a0471083178  a(BD-RjUL)51881 aDLCcDLCdDLCbeng aeng00223a519.535bDIM 19841 aDillon, William R.10aMultivariate analysis :bmethods and applications /cWilliam R. Dillon, Matthew Goldstein. aNew York :bJohn Wiley & Sonscc1984. axii, 587 p. ;c24 cm. aIncludes Bibliography and Index.  0aMultivariate analysis.1 aGoldstein, Matthew,d1941-